000 00706nam a2200241Ia 4500
003 OSt
005 20221006153726.0
006 a|||||r|||| 00| 0
007 ta
008 221006b |||||||| |||| 00| 0 eng d
020 _a0742526208
024 _a33,155
037 _bGift, Japan Foundation
_cBound Volumes
040 _aEASL
_cEASL
_beng
041 _2eng
_aeng
082 _a4wM36, P3
100 _aHUFFMAN James L. Au.
_9665159
245 0 _aYankee in Meiji Japan
260 _amaryland
_bRowman & Littlefield Publishing group
_c2003
300 _axvi,308P
_ccm.
942 _h4wM36, P3
_cCR
_2CC
999 _c1101241
_d1101241